Niekoľko mýtov o životnom poistení
Informácie a dezinformácie v súvislosti so životným poistením. Životné poistenie nie je sporenie v pravom zmysle slova . Poistenie ako súčasť iných nefinančných alebo finančných produktov. Výška odškodnenia závisí od poistných podmienok a poistných súm.
Na minha lista:
| Autor principal: | |
|---|---|
| Formato: | Capítulo de Livro |
| Idioma: | eslovaco |
| Assuntos: | |
| Tags: |
Sem tags, seja o primeiro a adicionar uma tag!
|
MARC
| LEADER | 00000naa$a2200000$$$4500 | ||
|---|---|---|---|
| 001 | 0081685 | ||
| 005 | 20240502071921.6 | ||
| 041 | 0 | |a slo | |
| 044 | |a SK | ||
| 245 | 1 | 0 | |a Niekoľko mýtov o životnom poistení |c Pavel Škriniar |
| 520 | |a Informácie a dezinformácie v súvislosti so životným poistením. Životné poistenie nie je sporenie v pravom zmysle slova . Poistenie ako súčasť iných nefinančných alebo finančných produktov. Výška odškodnenia závisí od poistných podmienok a poistných súm. | ||
| 610 | 2 | 0 | |a klienti |
| 610 | 2 | 0 | |a poistenie životné |
| 610 | 2 | 0 | |a poisťovne |
| 610 | 2 | 0 | |a služby finančné |
| 610 | 2 | 0 | |a odškodnenie |
| 100 | 1 | |a Škriniar, Pavel, 1979- | |